Name ONLY NFL Teams - Statistics

General Stats
  • This quiz has been taken 26 times
  • The average score is 25 of 32
Answer Stats
Team % Correct
Miami Dolphins
95%
New York Giants
90%
Arizona Cardinals
85%
Chicago Bears
85%
Dallas Cowboys
85%
Denver Broncos
85%
Detroit Lions
85%
Las Vegas Raiders
85%
Los Angeles Chargers
85%
New England Patriots
85%
New York Jets
85%
Philadelphia Eagles
85%
Seattle Seahawks
85%
Baltimore Ravens
80%
Cincinnati Bengals
80%
Cleveland Browns
80%
Houston Texans
80%
Indianapolis Colts
80%
Buffalo Bills
75%
Kansas City Chiefs
75%
Los Angeles Rams
75%
Pittsburgh Steelers
75%
San Francisco 49ers
75%
Tampa Bay Buccaneers
75%
Washington Commanders
75%
Atlanta Falcons
70%
Carolina Panthers
70%
Green Bay Packers
70%
Tennessee Titans
70%
Jacksonville Jaguars
65%
Minnesota Vikings
65%
New Orleans Saints
65%
No matching quizzes found
Score Distribution
Percent of People with Each Score
Percentile by Number Answered
Your Score History
You have not taken this quiz